| 000 | 00588 a2200181 4500 | ||
|---|---|---|---|
| 999 |
_c2646 _d2646 |
||
| 020 | _a781853395840 | ||
| 050 | _aHN 49 PAT 2003 | ||
| 100 |
_aCornwall, Andrea _eeditor |
||
| 245 |
_aPathways to participation : _b reflections on PRA / _cedited by Andrea Cornwall and Garett Pratt |
||
| 250 | _alow-priced edition | ||
| 264 |
_aLondon : _b ITDG Publishing, _c2003 |
||
| 300 | _axviii,217p. | ||
| 500 | _aincludes bibliographical references | ||
| 650 | _a Rural development projects | ||
| 700 |
_aAndrea Cornwall _eeditor |
||
| 700 |
_aGarett Pratt _eeditor |
||
| 942 |
_2lcc _cBK _h49 _iPAT _kHN |
||